Sharjah Art Foundation Library

سرد الذات: فن السيرة الذاتية/ (Record no. 6567)

MARC details
000 -LEADER
fixed length control field 00645nam a2200181Ia 4500
001 - CONTROL NUMBER
control field 6567
008 - FIXED-LENGTH DATA ELEMENTS--GENERAL INFORMATION
fixed length control field 260622s9999 xx 000 0 und d
020 ## - INTERNATIONAL STANDARD BOOK NUMBER
International Standard Book Number 9948044215
245 #0 - TITLE STATEMENT
Title سرد الذات: فن السيرة الذاتية/
Statement of responsibility, etc. عمر منيب إدلبي
260 ## - PUBLICATION, DISTRIBUTION, ETC.
Place of publication, distribution, etc. الشارقة؛
Name of publisher, distributor, etc. دائرة الثقافة والإعلام؛
Date of publication, distribution, etc. 2008
300 ## - PHYSICAL DESCRIPTION
Extent 296p;
Dimensions 21x13cm
490 ## - SERIES STATEMENT
Series statement جائزة الشارقة للإبداع العربي
Volume/sequential designation #11
520 ## - SUMMARY, ETC.
Summary, etc. Art of writing Autobiography/ Umar Muneeb Idlibi
546 ## - LANGUAGE NOTE
Language note Arabic
648 ## - SUBJECT ADDED ENTRY--CHRONOLOGICAL TERM
Chronological term 20th century
650 ## - SUBJECT ADDED ENTRY--TOPICAL TERM
Topical term or geographic name entry element CT21-22 Biography as an art or literary form
9 (RLIN) 9414
942 ## - ADDED ENTRY ELEMENTS (KOHA)
Koha item type Book
Holdings
Withdrawn status Lost status Damaged status Not for loan Collection Home library Current library Date acquired Total Checkouts Full call number Barcode Date last seen Price effective from Koha item type
        Archaeology- Biography SAF Reference Library SAF Reference Library     CT21-9999 10.25 6567 06/22/2026 06/22/2026 Book

Copyright © 2022. Sharjah Art Foundation. All Rights Reserved.